000 00535nam a2200193Ia 4500
005 20250508152431.0
008 008 250505s9999 xx 000 0 eng d
037 _aTextual
040 _aFEDL
_beng
_cFEDL
041 _aeng
_2eng
084 _a157.9, COH
_qFEDL
100 _aCohen Mabel Blake
_9761471
245 0 _aAdvances in psychiatry
260 _aNew York, USA
_bW.W. Norton and Company
_c1940
300 _a314p.
650 _aAbnormal Psychology
942 _cTEXL
_h157.9, COH
999 _c1336394
_d1336394